[Event "Copenhagen Obro CXU New Year op"]
[Site "Copenhagen"]
[Date "2023.12.27"]
[Round "1"]
[White "Kakulidis, Ellen"]
[Black "Sandbech, Ted Henrik"]
[Result "1-0"]
[WhiteElo "2064"]
[BlackElo "1611"]
[PlyCount "55"]
[EventDate "2023.12.27"]
[EventType "swiss"]
[EventRounds "7"]
[EventCountry "DEN"]
[SourceTitle "CB01_2024"]
[SourceDate "2024.01.03"]
[SourceVersion "1"]
[SourceVersionDate "2024.01.03"]
[SourceQuality "1"]

1. d4 d5 2. c4 c6 3. cxd5 cxd5 4. Bf4 Nc6 5. Nc3 Nf6 6. Nf3 Bf5 7. Ne5 e6 8. e3 a6 9. Qb3 Qc8 10. Nxc6 Qxc6 11. Be2 Be7 12. 0-0 0-0 13. Rfc1 Qd7 14. Na4 Rac8 15. Nb6 Rxc1+ 16. Rxc1 Qe8 17. Rc8 Bd8 18. Bd6 Nd7 19. Na8 f6 20. Bxf8 Nxf8 21. Qxb7 Qe7 22. Qxe7 Bxe7 23. Bxa6 e5 24. Rc1 e4 25. Nc7 Be6 26. Nxe6 Nxe6 27. Bc8 Kf7 28. Bb7 1-0

[Event "Koge Lang Jubilee Weekend Gr-3"]
[Site "Koge"]
[Date "2022.07.09"]
[Round "7"]
[White "Nielsen, Jorgen Kamp"]
[Black "Sandbech, Ted Henrik"]
[Result "0-1"]
[WhiteElo "1685"]
[BlackElo "1649"]
[PlyCount "30"]
[EventDate "2022.07.06"]
[EventType "tourn"]
[EventRounds "9"]
[EventCountry "DEN"]
[SourceTitle "EXT 2024"]
[Source "ChessBase"]
[SourceDate "2023.10.10"]
[SourceVersion "1"]
[SourceVersionDate "2023.10.10"]
[SourceQuality "1"]

1. e4 d5 2. exd5 Qxd5 3. Nc3 Qd8 4. Nf3 Bg4 5. h3 Bh5 6. d4 e6 7. Bb5+ c6 8. Be2 Nf6 9. Bg5 Be7 10. Qd2 Nbd7 11. 0-0-0 Qa5 12. Kb1 Bb4 13. g4 Ne4 14. Qe1 Nxc3+ 15. bxc3 Bxc3 0-1

[Event "Koge Lang Jubilee Weekend Gr-3"]
[Site "Koge"]
[Date "2022.07.07"]
[Round "3"]
[White "Sandbech, Ted Henrik"]
[Black "Kaergaard, Sissel"]
[Result "0-1"]
[WhiteElo "1649"]
[BlackElo "1588"]
[PlyCount "98"]
[EventDate "2022.07.06"]
[EventType "tourn"]
[EventRounds "9"]
[EventCountry "DEN"]
[SourceTitle "EXT 2024"]
[Source "ChessBase"]
[SourceDate "2023.10.10"]
[SourceVersion "1"]
[SourceVersionDate "2023.10.10"]
[SourceQuality "1"]

1. Nf3 d5 2. d4 Nf6 3. c4 c6 4. e3 Bf5 5. Nc3 e6 6. cxd5 exd5 7. Qb3 Qb6 8. Qxb6 axb6 9. Be2 Nbd7 10. 0-0 Bd6 11. Bd2 0-0 12. Rfe1 Ne4 13. Nxe4 Bxe4 14. a3 Nf6 15. h3 c5 16. Bc3 c4 17. Rac1 b5 18. Nd2 Bg6 19. Bd1 Ne4 20. Nxe4 Bxe4 21. Bc2 f5 22. f4 Rfe8 23. Kf2 Re6 24. Bxe4 Rxe4 25. Rc2 Rae8 26. Rce2 Be7 27. g3 h5 28. h4 Ra8 29. Rc1 Ra4 30. Rcc2 b4 31. axb4 Bxb4 32. Bxb4 Rxb4 33. Rc3 Re6 34. Ra3 Ra6 35. Rc3 Ra2 36. Rcc2 b5 37. Rcd2 Rb3 38. Rc2 b4 39. Kf3 Rd3 40. Rf2 b3 41. Rc1 Kf7 42. Re2 Ke7 43. Kf2 Kd6 44. Ke1 Kc6 45. Rb1 Kb5 46. Rc1 Kb4 47. Kf1 c3 48. bxc3+ Rxc3 49. Rb1 Rcc2 0-1

[Event "Helsingor Xtracon op"]
[Site "Helsingor"]
[Date "2019.07.26"]
[Round "8"]
[White "Sandbech, Ted Henrik"]
[Black "Satre, Roger"]
[Result "0-1"]
[WhiteElo "1687"]
[BlackElo "1867"]
[PlyCount "116"]
[EventDate "2019.07.20"]
[EventType "swiss"]
[EventRounds "10"]
[EventCountry "DEN"]
[SourceTitle "CBM 191 Extra"]
[Source "ChessBase"]
[SourceDate "2019.09.30"]
[SourceVersion "1"]
[SourceVersionDate "2019.09.30"]
[SourceQuality "1"]

1. Nf3 d5 2. d4 Nf6 3. c4 c6 4. e3 e6 5. Nc3 Nbd7 6. cxd5 exd5 7. Be2 Bd6 8. Bd2 0-0 9. 0-0 Re8 10. Rc1 Ne4 11. a3 f5 12. Qb3 Ndf6 13. Rfd1 Kh8 14. Be1 f4 15. Nxe4 Nxe4 16. Nd2 Qe7 17. Nxe4 dxe4 18. exf4 Bxf4 19. Bd2 Be6 20. Qc3 Bd6 21. g3 Rad8 22. Be3 Rd7 23. Bh5 Rf8 24. Qd2 h6 25. Qc3 Qf6 26. Qe1 Bc7 27. b4 Bb6 28. a4 Bxd4 29. Bxd4 Rxd4 30. Rxd4 Qxd4 31. Rd1 Qe5 32. Be2 Bd5 33. Bf1 Qb2 34. Rb1 Qc2 35. Ra1 a6 36. a5 Qb2 37. Rb1 Qf6 38. Qe3 Qf3 39. Re1 Qxe3 40. Rxe3 Rf3 41. Bh3 Kg8 42. Rxf3 exf3 43. Kf1 Kf7 44. Ke1 Ke7 45. Kd2 Kd6 46. Kc3 c5 47. Bf1 Kc6 48. Bd3 g5 49. Bf5 b6 50. axb6 Kxb6 51. Bd3 cxb4+ 52. Kxb4 a5+ 53. Ka3 Bc6 54. Bf5 Kc5 55. Bd3 Kd4 56. Ba6 Kc3 57. h4 Kd2 58. hxg5 hxg5 0-1

[Event "Helsingor Xtracon op"]
[Site "Helsingor"]
[Date "2019.07.21"]
[Round "2"]
[White "Sandbech, Ted Henrik"]
[Black "Sebastian, Andreas"]
[Result "0-1"]
[WhiteElo "1687"]
[BlackElo "1911"]
[PlyCount "92"]
[EventDate "2019.07.20"]
[EventType "swiss"]
[EventRounds "10"]
[EventCountry "DEN"]
[SourceTitle "CBM 191 Extra"]
[Source "ChessBase"]
[SourceDate "2019.09.30"]
[SourceVersion "1"]
[SourceVersionDate "2019.09.30"]
[SourceQuality "1"]

1. Nf3 d6 2. e4 Nf6 3. Nc3 e5 4. Be2 Be7 5. 0-0 0-0 6. d4 exd4 7. Nxd4 Re8 8. Bf3 Bf8 9. Bg5 Nbd7 10. Re1 Ne5 11. Nd5 Bd7 12. Nxf6+ gxf6 13. Bd2 c5 14. Nf5 d5 15. Nh6+ Bxh6 16. Bxh6 d4 17. b3 Kh8 18. Kh1 Rg8 19. Bf4 Qe7 20. Be2 Rg7 21. Bg3 Bc6 22. Bd3 Rag8 23. Qd2 h5 24. Bxe5 fxe5 25. Qh6+ Rh7 26. Qd2 Rg6 27. Rg1 Rhg7 28. Rae1 f5 29. f3 f4 30. Qf2 Rg3 31. Qd2 Bd7 32. Re2 b6 33. Rf2 R3g6 34. Re1 Be6 35. c3 Qd8 36. cxd4 cxd4 37. Rc1 Qg8 38. Bc4 Bxc4 39. Rxc4 h4 40. h3 Rg3 41. Rc1 Qe6 42. Qe2 Rg8 43. Qd2 Rxh3+ 44. Kg1 Rhg3 45. Kh1 h3 46. gxh3 Qg6 0-1

[Event "Helsingor Xtracon op"]
[Site "Helsingor"]
[Date "2018.07.28"]
[Round "9"]
[White "Gaure, Sigurd Lauvas"]
[Black "Sandbech, Ted Henrik"]
[Result "1-0"]
[WhiteElo "1535"]
[BlackElo "1775"]
[PlyCount "57"]
[EventDate "2018.07.21"]
[EventType "swiss"]
[EventRounds "10"]
[EventCountry "DEN"]
[SourceTitle "CBM 185 Extra"]
[Source "ChessBase"]
[SourceDate "2018.07.29"]
[SourceVersion "1"]
[SourceVersionDate "2018.07.29"]
[SourceQuality "1"]

1. e4 d5 2. Bd3 dxe4 3. Bxe4 Nf6 4. Nc3 c6 5. Nf3 Bg4 6. h3 Bh5 7. 0-0 Nxe4 8. Nxe4 e6 9. d4 Be7 10. Bf4 0-0 11. c3 Nd7 12. Ng3 Bg6 13. Re1 Nb6 14. Qb3 Nd5 15. Be3 Rb8 16. Ne5 Nxe3 17. Nxg6 hxg6 18. Rxe3 Qc7 19. Rae1 Bg5 20. Re4 Bf4 21. c4 Bxg3 22. fxg3 Rbd8 23. Rd1 c5 24. d5 exd5 25. cxd5 Rd6 26. Qc4 Rc8 27. b4 cxb4 28. Re8+ Kh7 29. Qh4# 1-0

[Event "Helsingor Xtracon op"]
[Site "Helsingor"]
[Date "2018.07.27"]
[Round "8"]
[White "Sandbech, Ted Henrik"]
[Black "Jacobsen, Per"]
[Result "1/2-1/2"]
[WhiteElo "1775"]
[BlackElo "1590"]
[PlyCount "66"]
[EventDate "2018.07.21"]
[EventType "swiss"]
[EventRounds "10"]
[EventCountry "DEN"]
[SourceTitle "CBM 185 Extra"]
[Source "ChessBase"]
[SourceDate "2018.07.29"]
[SourceVersion "1"]
[SourceVersionDate "2018.07.29"]
[SourceQuality "1"]

1. Nf3 d5 2. d4 c6 3. Nc3 e6 4. a3 f5 5. Bg5 Nf6 6. h3 Nbd7 7. e3 Bd6 8. Be2 0-0 9. 0-0 Qe8 10. b4 Ne4 11. Nxe4 fxe4 12. Nd2 e5 13. Bh5 g6 14. Bg4 exd4 15. exd4 Nf6 16. Bxc8 Rxc8 17. c3 Kg7 18. Nb3 Nh5 19. Qd2 Nf4 20. Nc1 h6 21. Bxf4 Bxf4 22. Qe1 e3 23. f3 Qe7 24. Ne2 Bc7 25. f4 Rf7 26. Qg3 Rcf8 27. Rf3 Qe4 28. Rxe3 Bxf4 29. Nxf4 Qxf4 30. Qxf4 Rxf4 31. Re7+ R4f7 32. Rae1 Rxe7 33. Rxe7+ Rf7 1/2-1/2

[Event "Helsingor Xtracon op"]
[Site "Helsingor"]
[Date "2018.07.26"]
[Round "7"]
[White "O'Gorman, Brendan"]
[Black "Sandbech, Ted Henrik"]
[Result "1/2-1/2"]
[WhiteElo "1514"]
[BlackElo "1775"]
[PlyCount "115"]
[EventDate "2018.07.21"]
[EventType "swiss"]
[EventRounds "10"]
[EventCountry "DEN"]
[SourceTitle "CBM 185 Extra"]
[Source "ChessBase"]
[SourceDate "2018.07.29"]
[SourceVersion "1"]
[SourceVersionDate "2018.07.29"]
[SourceQuality "1"]

1. e4 d5 2. exd5 Qxd5 3. Nc3 Qa5 4. d4 c6 5. Nf3 Bg4 6. h3 Bh5 7. Be2 Nd7 8. 0-0 Ngf6 9. Re1 e6 10. Bd2 Qc7 11. a3 Bd6 12. b4 0-0 13. b5 c5 14. dxc5 Bxc5 15. a4 b6 16. Na2 Qg3 17. Be3 Bxe3 18. fxe3 Rad8 19. Rf1 Nc5 20. Qe1 Nfe4 21. Qxg3 Nxg3 22. Rfe1 Nxe2+ 23. Rxe2 Bxf3 24. gxf3 Nxa4 25. Nb4 Nc3 26. Ree1 Rd7 27. Nc6 Ra8 28. Ne5 Rd2 29. Nc4 Rxc2 30. Nxb6 Rd8 31. Rxa7 Nxb5 32. Raa1 h6 33. Rac1 Ra2 34. Rcd1 Rb8 35. Nd7 Rd8 36. Nf6+ gxf6 37. Rxd8+ Kg7 38. Kh1 Rf2 39. Rg1+ Kh7 40. Rdg8 h5 41. R1g3 Nd6 42. e4 Rxf3 43. Rxf3 Kxg8 44. Rxf6 Nxe4 45. Rf4 f5 46. Kg2 Kf7 47. Kf3 Kf6 48. Ke3 e5 49. Rf1 Ng3 50. Rb1 f4+ 51. Kf3 Kf5 52. Rb5 Ne4 53. h4 Nd2+ 54. Ke2 Ne4 55. Kf3 Nd2+ 56. Ke2 Ne4 57. Kf3 Nd2+ 58. Ke2 1/2-1/2

[Event "Helsingor Xtracon op"]
[Site "Helsingor"]
[Date "2018.07.24"]
[Round "5"]
[White "Emborg, Jens"]
[Black "Sandbech, Ted Henrik"]
[Result "1-0"]
[WhiteElo "1545"]
[BlackElo "1775"]
[PlyCount "115"]
[EventDate "2018.07.21"]
[EventType "swiss"]
[EventRounds "10"]
[EventCountry "DEN"]
[SourceTitle "CBM 185 Extra"]
[Source "ChessBase"]
[SourceDate "2018.07.29"]
[SourceVersion "1"]
[SourceVersionDate "2018.07.29"]
[SourceQuality "1"]

1. e4 d5 2. exd5 Qxd5 3. Nc3 Qd8 4. d4 c6 5. Bc4 Nf6 6. Nf3 Bf5 7. 0-0 e6 8. Bd3 Bxd3 9. Qxd3 Be7 10. Bf4 0-0 11. Rfe1 Nbd7 12. Ne4 Nxe4 13. Rxe4 Nf6 14. Re2 Qb6 15. c3 c5 16. dxc5 Bxc5 17. b4 Be7 18. Rc1 Rfd8 19. Qb1 Nd5 20. Be5 h6 21. a3 Nf6 22. c4 Qc6 23. Qb3 Rac8 24. a4 Qe8 25. h3 Rd7 26. c5 Rcd8 27. b5 Rd3 28. Qc4 R3d5 29. Bd4 Rc8 30. Re5 Rxe5 31. Nxe5 Nd7 32. c6 Nxe5 33. Bxe5 bxc6 34. bxc6 Qd8 35. Qa6 f6 36. Bf4 e5 37. Be3 Rc7 38. Bxa7 Qa8 39. Qc4+ Kh7 40. Bb6 Rc8 41. a5 Bd6 42. Qe6 Rxc6 43. Qf5+ Kg8 44. Rxc6 Qxc6 45. Qd3 e4 46. Qb1 Qc4 47. Be3 f5 48. Qb6 Qd3 49. g3 Kh7 50. a6 f4 51. gxf4 Qd1+ 52. Kh2 Qd5 53. a7 g5 54. Qxd6 Qxd6 55. a8Q gxf4 56. Qxe4+ Kg7 57. Bxf4 Qd7 58. Be5+ 1-0

[Event "Helsingor Xtracon op"]
[Site "Helsingor"]
[Date "2018.07.22"]
[Round "3"]
[White "Damm, Henrik"]
[Black "Sandbech, Ted Henrik"]
[Result "1/2-1/2"]
[WhiteElo "1567"]
[BlackElo "1775"]
[PlyCount "92"]
[EventDate "2018.07.21"]
[EventType "swiss"]
[EventRounds "10"]
[EventCountry "DEN"]
[SourceTitle "CBM 185 Extra"]
[Source "ChessBase"]
[SourceDate "2018.07.29"]
[SourceVersion "1"]
[SourceVersionDate "2018.07.29"]
[SourceQuality "1"]

1. c4 e5 2. Nc3 Nf6 3. Nf3 Nc6 4. g3 a6 5. Bg2 Bc5 6. 0-0 0-0 7. d3 h6 8. a3 d6 9. b4 Ba7 10. Bb2 Nd4 11. e3 Nxf3+ 12. Bxf3 Rb8 13. Bg2 Bg4 14. Qa4 Be2 15. Nxe2 c6 16. Qc2 Re8 17. Rad1 d5 18. cxd5 cxd5 19. Qb1 Qb6 20. Qa1 Ng4 21. Qc1 Rbc8 22. Qd2 Qe6 23. d4 e4 24. Nf4 Qd6 25. Bh3 f5 26. Rc1 Rcd8 27. Qe2 Qd7 28. Rc2 Rc8 29. Rfc1 Rxc2 30. Rxc2 Bb8 31. Ng2 Nf6 32. Nh4 Ng4 33. f3 exf3 34. Qxf3 Rxe3 35. Qxf5 Re1+ 36. Bf1 Qxf5 37. Nxf5 Ba7 38. Rd2 Kh7 39. h3 Nf6 40. Kf2 Re8 41. Kg2 Ne4 42. Rd3 Rf8 43. Rf3 Ng5 44. Rf4 Bb8 45. Rf2 Ne4 46. Rf3 Ng5 1/2-1/2

[Event "Valby K41 Spring-D"]
[Site "Valby"]
[Date "2011.05.03"]
[Round "6"]
[White "Wadtland, Flemming"]
[Black "Sandbech, Ted Henrik"]
[Result "0-1"]
[WhiteElo "1493"]
[BlackElo "1695"]
[PlyCount "82"]
[EventDate "2011.03.15"]
[EventType "tourn"]
[EventRounds "7"]
[EventCountry "DEN"]
[SourceTitle "EXT 2023"]
[Source "ChessBase"]
[SourceDate "2022.10.05"]
[SourceVersion "1"]
[SourceVersionDate "2022.10.05"]
[SourceQuality "1"]

1. b4 e6 2. Bb2 Nf6 3. c4 Bxb4 4. Nf3 Nc6 5. Nc3 0-0 6. e3 d5 7. cxd5 exd5 8. Qc2 Bg4 9. d4 Ne4 10. Nd2 Bxc3 11. Bxc3 Nxc3 12. Qxc3 Bf5 13. Rc1 Re8 14. Bb5 Bd7 15. Nb3 a6 16. Bd3 b6 17. h3 Qg5 18. Rh2 Re7 19. Be2 Rae8 20. Rc2 Rxe3 21. fxe3 Qg3+ 22. Kd1 Qxh2 23. Bf3 Qd6 24. Kc1 Rc8 25. Kd1 Nb4 26. Rd2 Nc6 27. Rc2 Ne7 28. Qe1 c5 29. Qe2 c4 30. Bg4 cxb3 31. Rxc8+ Bxc8 32. Bxc8 Nxc8 33. Qxa6 Qc6 34. axb3 h6 35. Qd3 Nd6 36. Qc2 Qxc2+ 37. Kxc2 Kf8 38. Kd3 Ke7 39. g4 Ne4 40. Ke2 g5 41. Ke1 Kd6 0-1

[Event "Valby K41 Spring-D"]
[Site "Valby"]
[Date "2011.04.26"]
[Round "5"]
[White "Sandbech, Ted Henrik"]
[Black "Krogh, Soren"]
[Result "1-0"]
[WhiteElo "1695"]
[BlackElo "1265"]
[PlyCount "73"]
[EventDate "2011.03.15"]
[EventType "tourn"]
[EventRounds "7"]
[EventCountry "DEN"]
[SourceTitle "EXT 2023"]
[Source "ChessBase"]
[SourceDate "2022.10.05"]
[SourceVersion "1"]
[SourceVersionDate "2022.10.05"]
[SourceQuality "1"]

1. Nf3 f5 2. d4 Nf6 3. c4 g6 4. Nc3 Bg7 5. Bg5 0-0 6. e3 d6 7. Bd3 c6 8. 0-0 Qc7 9. Rc1 e5 10. dxe5 dxe5 11. e4 Na6 12. Qe2 Re8 13. a3 Bd7 14. b4 Rac8 15. c5 Nb8 16. Rfd1 Ng4 17. h3 Nf6 18. Qd2 f4 19. Bc4+ Kh8 20. Bxf6 Bxf6 21. b5 b6 22. bxc6 Bxc6 23. cxb6 axb6 24. Nb5 Qe7 25. Nd6 Ba4 26. Nxc8 Rxc8 27. Re1 Nc6 28. Qb2 Na5 29. Ba6 Rb8 30. Rc8+ Rxc8 31. Bxc8 Qd6 32. Qb4 Qd8 33. Qxa4 Qxc8 34. Rd1 Qc4 35. Qe8+ Kg7 36. Rd7+ Kh6 37. Qf8+ 1-0

[Event "Valby K41 Spring-D"]
[Site "Valby"]
[Date "2011.04.05"]
[Round "4"]
[White "Ibsen, Johan"]
[Black "Sandbech, Ted Henrik"]
[Result "1/2-1/2"]
[WhiteElo "1657"]
[BlackElo "1695"]
[PlyCount "122"]
[EventDate "2011.03.15"]
[EventType "tourn"]
[EventRounds "7"]
[EventCountry "DEN"]
[SourceTitle "EXT 2023"]
[Source "ChessBase"]
[SourceDate "2022.10.05"]
[SourceVersion "1"]
[SourceVersionDate "2022.10.05"]
[SourceQuality "1"]

1. e4 d5 2. exd5 Qxd5 3. Nc3 Qa5 4. b4 Qxb4 5. a4 Qd6 6. Ba3 Qe5+ 7. Be2 c6 8. Nf3 Qc7 9. 0-0 Nf6 10. Re1 Nbd7 11. Bc4 Nb6 12. Ba2 e6 13. Bxf8 Kxf8 14. Qe2 Bd7 15. Ne5 Re8 16. Qe3 a6 17. Qc5+ Kg8 18. Re3 Nfd5 19. Re2 Nxc3 20. Qxc3 Nd5 21. Qf3 f6 22. Ng4 h5 23. Ne3 Qe5 24. Rb1 Nxe3 25. Rxe3 Qc7 26. Rbe1 Qd6 27. Rd3 Qc7 28. Qe2 Kf8 29. Re3 e5 30. d4 Be6 31. Bxe6 Rxe6 32. dxe5 Rxe5 33. f4 Rxe3 34. Qxe3 Qd7 35. Qc5+ Kg8 36. h3 Kf7 37. a5 g6 38. Qc4+ Qd5 39. Qb4 c5 40. Qb6 Rd8 41. c4 Qd7 42. Qxc5 Qd4+ 43. Qxd4 Rxd4 44. Rb1 Rd7 45. Rb6 Ke7 46. Kf2 Rc7 47. Ke3 Rxc4 48. Rxb7+ Kd6 49. Rg7 Rc5 50. Rxg6 Ke6 51. Kd4 Rxa5 52. Rg8 Ra2 53. Rd8 Kf5 54. g3 a5 55. Rh8 Kg6 56. Rg8+ Kh7 57. Rf8 Kg7 58. Ra8 Ra3 59. Ra7+ Kg6 60. Ra8 Kg7 61. Ra7+ Kg6 1/2-1/2

[Event "Taastrup Quick Weekend 13th B1"]
[Site "Taastrup"]
[Date "2011.04.03"]
[Round "4"]
[White "Sandbech, Ted Henrik"]
[Black "Christensen, Verner"]
[Result "1-0"]
[WhiteElo "1713"]
[BlackElo "1740"]
[PlyCount "43"]
[EventDate "2011.04.01"]
[EventType "tourn"]
[EventRounds "5"]
[EventCountry "DEN"]
[SourceTitle "EXT 2023"]
[Source "ChessBase"]
[SourceDate "2022.10.05"]
[SourceVersion "1"]
[SourceVersionDate "2022.10.05"]
[SourceQuality "1"]

1. Nf3 Nf6 2. d4 d5 3. c4 dxc4 4. e3 Bf5 5. Bxc4 e6 6. 0-0 Nbd7 7. Nc3 c6 8. a4 Be7 9. Re1 0-0 10. e4 Bg6 11. d5 Nb6 12. Bb3 cxd5 13. a5 Nc8 14. exd5 exd5 15. Nxd5 Nxd5 16. Bxd5 Bb4 17. Rf1 Qc7 18. a6 Nb6 19. Bxb7 Rad8 20. Qb3 Bd6 21. Bg5 Be7 22. Rac1 1-0

[Event "Taastrup Quick Weekend 13th B1"]
[Site "Taastrup"]
[Date "2011.04.02"]
[Round "3"]
[White "Sandbech, Ted Henrik"]
[Black "Jensen, Jan Kargaard"]
[Result "0-1"]
[WhiteElo "1713"]
[BlackElo "1844"]
[PlyCount "106"]
[EventDate "2011.04.01"]
[EventType "tourn"]
[EventRounds "5"]
[EventCountry "DEN"]
[SourceTitle "EXT 2023"]
[Source "ChessBase"]
[SourceDate "2022.10.05"]
[SourceVersion "1"]
[SourceVersionDate "2022.10.05"]
[SourceQuality "1"]

1. Nf3 Nf6 2. d4 e6 3. c4 b6 4. Bg5 Bb7 5. e3 d6 6. Be2 Nbd7 7. 0-0 Be7 8. Nc3 Ne4 9. Nxe4 Bxe4 10. Bxe7 Qxe7 11. Nd2 Bb7 12. Bf3 Bxf3 13. Qxf3 0-0 14. Qh3 f5 15. f4 Rf6 16. Qh4 Qf7 17. Rf3 Rh6 18. Qf2 Nf6 19. h3 a5 20. Rc1 c5 21. Qe2 Ne4 22. Nxe4 fxe4 23. Rg3 cxd4 24. exd4 Qxf4 25. Re3 Rf8 26. Rf1 Qxf1+ 27. Qxf1 Rxf1+ 28. Kxf1 d5 29. Rc3 Rf6+ 30. Ke2 Kf7 31. c5 bxc5 32. Rxc5 Rg6 33. Kf2 e3+ 34. Kxe3 Rxg2 35. Rxa5 Rxb2 36. Kf4 Kf6 37. Ra8 g5+ 38. Kg4 Rb4 39. a4 Rxd4+ 40. Kf3 h5 41. a5 Ke5 42. a6 Rd3+ 43. Kg2 Ra3 44. a7 g4 45. h4 d4 46. Rh8 Rxa7 47. Rxh5+ Kf4 48. Rh8 Ra2+ 49. Kf1 Ke3 50. h5 d3 51. h6 d2 52. Rd8 Ra1+ 53. Kg2 d1Q 0-1

[Event "Valby K41 Spring-D"]
[Site "Valby"]
[Date "2011.03.15"]
[Round "1"]
[White "Larsen, Hans Haagen"]
[Black "Sandbech, Ted Henrik"]
[Result "0-1"]
[WhiteElo "1488"]
[BlackElo "1695"]
[PlyCount "82"]
[EventDate "2011.03.15"]
[EventType "tourn"]
[EventRounds "7"]
[EventCountry "DEN"]
[SourceTitle "EXT 2023"]
[Source "ChessBase"]
[SourceDate "2022.10.05"]
[SourceVersion "1"]
[SourceVersionDate "2022.10.05"]
[SourceQuality "1"]

1. d4 d5 2. Bf4 c5 3. e3 e6 4. Nf3 Nf6 5. Be2 Nc6 6. c3 Be7 7. h3 0-0 8. Nbd2 cxd4 9. exd4 Bd7 10. Qb3 Na5 11. Qc2 Rc8 12. b3 Bb4 13. c4 dxc4 14. bxc4 Nd5 15. Bg3 Nxc4 16. Bxc4 b5 17. 0-0 Bxd2 18. Nxd2 bxc4 19. Rfc1 Bb5 20. Ne4 Rc6 21. Nc5 Rc8 22. a4 Bc6 23. Rab1 a5 24. Qxc4 Nb6 25. Qb3 Nd5 26. Nb7 Bxb7 27. Qxb7 Nc3 28. Qb2 Nxb1 29. Rxc8 Qxc8 30. Qxb1 Qc4 31. Bd6 Rc8 32. Qb7 Qc6 33. Qxc6 Rxc6 34. Bc5 e5 35. Kf1 exd4 36. Bxd4 Rc4 37. Bb6 Rxa4 38. g4 Ra1+ 39. Ke2 a4 40. h4 a3 41. h5 a2 0-1

[Event "Valby K41 Aabent-ch 1011"]
[Site "Valby"]
[Date "2011.02.08"]
[Round "8"]
[White "Hojland, Ulrik"]
[Black "Sandbech, Ted Henrik"]
[Result "0-1"]
[WhiteElo "1813"]
[BlackElo "1589"]
[PlyCount "90"]
[EventDate "2010.11.03"]
[EventType "swiss"]
[EventRounds "10"]
[EventCountry "DEN"]
[SourceTitle "EXT 2023"]
[Source "ChessBase"]
[SourceDate "2022.10.05"]
[SourceVersion "1"]
[SourceVersionDate "2022.10.05"]
[SourceQuality "1"]

1. e4 d5 2. exd5 Qxd5 3. Nc3 Qa5 4. Nf3 Bg4 5. Be2 Nf6 6. 0-0 e6 7. d3 c6 8. Bd2 Qc7 9. h3 Bh5 10. Ng5 Bxe2 11. Qxe2 h6 12. Nge4 Nbd7 13. Qf3 Nxe4 14. Nxe4 Bd6 15. Qg4 Be5 16. c3 Nf6 17. Nxf6+ Bxf6 18. d4 0-0-0 19. Bf4 Qd7 20. Rad1 g5 21. Bh2 Be7 22. Be5 h5 23. Qf3 f6 24. Bh2 f5 25. Rfe1 Bd6 26. Bxd6 Qxd6 27. Qe3 Rde8 28. Qxg5 Qd5 29. Qd2 Rhg8 30. f3 Qxf3 31. Re3 Rxg2+ 32. Qxg2 Qxe3+ 33. Kh1 f4 34. Rf1 Rf8 35. Rf3 Qe4 36. Kh2 Qh7 37. Rf2 Rg8 38. Qf1 Rf8 39. Qe2 Qf5 40. Qf3 Kd7 41. Re2 Rg8 42. Re4 Qg5 43. Qf2 f3 44. Re3 Qf4+ 45. Kh1 Rg2 0-1

[Event "Valby K41 Aabent-ch 1011"]
[Site "Valby"]
[Date "2011.01.11"]
[Round "6"]
[White "Moller, Arne Vagn"]
[Black "Sandbech, Ted Henrik"]
[Result "1-0"]
[WhiteElo "1793"]
[BlackElo "1589"]
[PlyCount "61"]
[EventDate "2010.11.03"]
[EventType "swiss"]
[EventRounds "10"]
[EventCountry "DEN"]
[SourceTitle "EXT 2023"]
[Source "ChessBase"]
[SourceDate "2022.10.05"]
[SourceVersion "1"]
[SourceVersionDate "2022.10.05"]
[SourceQuality "1"]

1. e4 d5 2. exd5 Qxd5 3. Nc3 Qa5 4. d4 c6 5. Bd2 Qc7 6. Bd3 Nf6 7. Nge2 Bg4 8. f3 Bh5 9. Bf4 Qa5 10. 0-0 e6 11. a3 Nd5 12. Nxd5 Qxd5 13. c4 Qd8 14. Qb3 Qc8 15. Ng3 Bg6 16. Rfe1 Bxd3 17. Qxd3 Be7 18. d5 cxd5 19. cxd5 Qd7 20. d6 Bf6 21. Rac1 Nc6 22. b4 a6 23. Ne4 Bd4+ 24. Kh1 Ba7 25. Rc5 0-0 26. Rh5 f5 27. Ng5 h6 28. Nxe6 Rae8 29. Rxf5 Rxe6 30. Rxf8+ Kxf8 31. Qf5+ 1-0

[Event "Valby K41 Aabent-ch 1011"]
[Site "Valby"]
[Date "2011.01.04"]
[Round "5"]
[White "Sandbech, Ted Henrik"]
[Black "Wadtland, Flemming"]
[Result "1-0"]
[WhiteElo "1589"]
[BlackElo "1324"]
[PlyCount "99"]
[EventDate "2010.11.03"]
[EventType "swiss"]
[EventRounds "10"]
[EventCountry "DEN"]
[SourceTitle "EXT 2023"]
[Source "ChessBase"]
[SourceDate "2022.10.05"]
[SourceVersion "1"]
[SourceVersionDate "2022.10.05"]
[SourceQuality "1"]

1. Nf3 c5 2. e4 Nc6 3. d4 cxd4 4. Nxd4 e6 5. Nxc6 bxc6 6. Bd3 Bb7 7. 0-0 Qc7 8. Qf3 Ne7 9. Bf4 e5 10. Bg5 Qd6 11. Nc3 f6 12. Be3 Ng6 13. Rfd1 Qc7 14. Qh5 0-0-0 15. a4 Nf4 16. Qf3 Nxd3 17. cxd3 d5 18. exd5 cxd5 19. Bxa7 d4 20. Qh3+ Qd7 21. Qxd7+ Rxd7 22. Nb5 Ba6 23. Rdc1+ Kb7 24. Bc5 Bxb5 25. axb5 Bxc5 26. Rxc5 Ra8 27. Rxa8 Kxa8 28. g3 Kb7 29. Kg2 Kb6 30. b4 Rc7 31. Rd5 Rc3 32. Rd7 Kxb5 33. Rb7+ Ka4 34. b5 Rxd3 35. b6 Kb5 36. Rxg7 Kxb6 37. Rxh7 e4 38. Rh6 Rf3 39. Rh4 f5 40. Kf1 d3 41. Rf4 Rxf4 42. gxf4 Kc5 43. h4 Kd5 44. h5 d2 45. Ke2 d1Q+ 46. Kxd1 Ke6 47. Ke2 Kf6 48. f3 Kg7 49. fxe4 fxe4 50. Ke3 1-0

[Event "Valby K41 Aabent-ch 1011"]
[Site "Valby"]
[Date "2010.11.16"]
[Round "2"]
[White "Karup, Jesper"]
[Black "Sandbech, Ted Henrik"]
[Result "1-0"]
[WhiteElo "1774"]
[BlackElo "1589"]
[PlyCount "57"]
[EventDate "2010.11.03"]
[EventType "swiss"]
[EventRounds "10"]
[EventCountry "DEN"]
[SourceTitle "EXT 2023"]
[Source "ChessBase"]
[SourceDate "2022.10.05"]
[SourceVersion "1"]
[SourceVersionDate "2022.10.05"]
[SourceQuality "1"]

1. e4 d5 2. exd5 Qxd5 3. Nc3 Qa5 4. d4 c6 5. Nf3 Bg4 6. h3 Bh5 7. g4 Bg6 8. Ne5 Nf6 9. h4 Be4 10. Nc4 Qc7 11. Nxe4 Nxe4 12. Qf3 Nd6 13. Bf4 Nd7 14. 0-0-0 0-0-0 15. Bg2 f6 16. Rhe1 Nb6 17. Ne3 Kb8 18. c4 g5 19. hxg5 fxg5 20. Be5 Rg8 21. c5 Na4 22. Nf5 Qa5 23. cxd6 exd6 24. Bf6 Rc8 25. Ne7 Bxe7 26. Bxe7 d5 27. Kb1 Ka8 28. Qa3 Qb5 29. Bf1 1-0